Szegedi Kereskedelmi és Iparkamara jegyzőkönyve. - (1940) tárgymutató
Elmentve itt :
| Dokumentumtípus: | Folyóirat |
|---|---|
| Megjelent: |
1940
|
| Sorozat: | Jegyzőkönyv a Szegedi Kereskedelmi és Iparkamarának ... tartott teljes üléséről
|
| Online Access: | http://misc.bibl.u-szeged.hu/21190 |
| LEADER | 00595nas a2200145 i 4500 | ||
|---|---|---|---|
| 001 | misc21190 | ||
| 005 | 20191106112325.0 | ||
| 008 | 170630s1940 hu o 0|| zxx d | ||
| 040 | |a SZTE Miscellanea Repozitórium |b hun | ||
| 041 | |a zxx | ||
| 245 | 0 | 0 | |a Szegedi Kereskedelmi és Iparkamara jegyzőkönyve. - (1940) tárgymutató |h [elektronikus dokumentum] |
| 260 | |c 1940 | ||
| 490 | 0 | |a Jegyzőkönyv a Szegedi Kereskedelmi és Iparkamarának ... tartott teljes üléséről | |
| 561 | |a Szegedi helytörténeti dokumentumok | ||
| 856 | 4 | 0 | |u http://misc.bibl.u-szeged.hu/21190/1/szkik_1940_mutato.pdf |z Dokumentum-elérés |